| 000 | 00570nam a2200253Ia 4500 | ||
|---|---|---|---|
| 008 | 210210b1947 xxu||||| |||| 00| 0 eng d | ||
| 041 | _aeng | ||
| 082 | _a826/246 | ||
| 100 | _aBENNETT (H S) | ||
| 245 | _aChaucer and the fifteenth century Vol 2 Part 1 | ||
| 260 |
_aOxford _bAt the Clarendon Press _c1947 |
||
| 440 | _aII | ||
| 650 | _aVol | ||
| 650 | _athe | ||
| 650 | _aPart | ||
| 650 | _afifteenth | ||
| 650 | _aChaucer | ||
| 650 | _acentury | ||
| 650 | _aand | ||
| 650 | _a2 | ||
| 650 | _a1 | ||
| 690 | _aHistory of Literature | ||
| 906 | _a015794 | ||
| 999 |
_c135184 _d135184 |
||